Visualizzazione normale
Vista MARC
- Tratado de Niza (2001)
di Uniform Title
Records bibliografici associati: 1
001 - CONTROL NUMBER
- control field: 62884
003 - CONTROL NUMBER IDENTIFIER
- control field: IT-RoINE
005 - DATE AND TIME OF LATEST TRANSACTION
- control field: 20190930071236.0
008 - FIXED-LENGTH DATA ELEMENTS
- fixed length control field: 190930|| aca||aabn | a|a d
040 ## - CATALOGING SOURCE
- Original cataloging agency: IT-RoINE
- Transcribing agency: IT-RoINE
130 ## - HEADING--UNIFORM TITLE
- Uniform title: Tratado de Niza (2001)
670 ## - SOURCE DATA FOUND
- Source citation: Work cat.: (IT-RoINE)31818: Tratado de Niza (2001) 62403, Tratado de Niza y versiones consolidadas de los Tratados de la Unión Europea y de la Comunidad Europea /, 2001.